Cage aquaculture : (Record no. 14487)

000 -LEADER
fixed length control field 00787nam a2200241Ia 4500
020 ## - INTERNATIONAL STANDARD BOOK NUMBER
ISBN 9251058016
020 ## - INTERNATIONAL STANDARD BOOK NUMBER
ISBN 9789251058015
040 ## - CATALOGING SOURCE
Transcribing agency OSU
082 ## - DEWEY DECIMAL CLASSIFICATION NUMBER
Classification number 639 FOO 2007 A051 Or.
245 00 - TITLE STATEMENT
Title Cage aquaculture :
Remainder of title regional reviews and global overview /
260 ## - PUBLICATION, DISTRIBUTION, ETC. (IMPRINT)
Place of publication Rome, Italy :
Name of publisher Food and Agriculture Organization of the United Nations,
Year of publication c2007
300 ## - PHYSICAL DESCRIPTION
Number of Pages xi, 241 p. :
Other physical details col. ill., col. maps ;
Dimensions 30 cm
500 ## - GENERAL NOTE
General note Also available via the Internet
650 #0 - SUBJECT ADDED ENTRY--TOPICAL TERM
Topical Term Aquaculture
650 #0 - SUBJECT ADDED ENTRY--TOPICAL TERM
Topical Term Aquaculture
650 #0 - SUBJECT ADDED ENTRY--TOPICAL TERM
Topical Term Cage aquaculture
700 1# - ADDED ENTRY--PERSONAL NAME
Personal name Halwart, Matthias
700 1# - ADDED ENTRY--PERSONAL NAME
Personal name Soto, Doris
700 1# - ADDED ENTRY--PERSONAL NAME
Personal name Arthur, J. R.
710 2# - ADDED ENTRY--CORPORATE NAME
Corporate name or jurisdiction name as entry element Food and Agriculture Organization of the United Nations
856 10 - ELECTRONIC LOCATION AND ACCESS
Uniform Resource Identifier ftp://ftp.fao.org/docrep/fao/010/a1290e/a1290e.zip
942 ## - ADDED ENTRY ELEMENTS (KOHA)
Koha item type សៀវភៅភាសាអង់គ្លេស
952 ## - LOCATION AND ITEM INFORMATION (KOHA)
Withdrawn status [LOCAL, KOHA] 0
Holdings
Permanent Location Date acquired Koha item type Lost status Shelving location Barcode Current Location Full call number
Library Block A2017-10-18សៀវភៅភាសាអង់គ្លេស A051RUA060019Library Block A639 FOO 2007 A051 Or.
មជ្ឈមណ្ឌលឯការនៃសាកលវិទ្យាល័យភូមិន្ទកសិកម្មចំការដូង

Powered by Koha